LEADER 00943nam0-22003491i-450- 001 990003822920403321 005 20001010 010 $a88-7681-009-9 035 $a000382292 035 $aFED01000382292 035 $a(Aleph)000382292FED01 035 $a000382292 100 $a20001010d--------km-y0itay50------ba 101 0 $aita 105 $ay-------001yy 200 1 $a<>opera dei pupi$fAntonio Pasqualino$gprefazione di Antonino Buttitta 210 $aPalermo$cSelerio$dc1989 215 $a237 p.$cill.$d35 cm 225 1 $a<>cristalli 300 $aContiene bibl. (pp. 133-134) 610 0 $aOPERA DEI PUPI 676 $a791.53 700 1$aPasqualino,$bAntonio$0144743 702 1$aButtitta,$bAntonino 801 0$aIT$bUNINA$gRICA$2UNIMARC 901 $aBK 912 $a990003822920403321 952 $a791.53 PAS 1$b3704 959 $aBFS 996 $aOpera dei pupi$9505958 997 $aUNINA DB $aING01 LEADER 01239nam 2200373 450 001 9910503808903321 005 20211109124113.0 010 $a9788860262523 100 $a20211109d2019----km-y0itay50------ba 101 0 $aita 102 $aIT 105 $a 001yy 200 1 $a<> risanamento delle murature affette da umidità da risalita capillare$fVeronica Vitiello, Roberto Castelluccio$eil metodo CNT 210 $aNapoli$cLuciano Editore$d2019 215 $a158 p.$cill.$d24 cm 610 0 $aRecupero edilizio 676 $a691 700 1$aVitiello,$bVeronica$0853851 701 1$aCastelluccio,$bRoberto$0464261 801 2$aIT$bUNINA$gRICA$2UNIMARC 901 $aBK 912 $a9910503808903321 952 $a13 45 35$b3489 / 2021$fFINBC 952 $a13 A 66 19$b3490 / 2021$fFINBC 952 $a13 A 66 20$b3491 / 2021$fFINBC 952 $a13 A 66 21$b3492 / 2021$fFINBC 952 $a23 15 E 26$b3493 / 2021$fFINAG 952 $a23 15 E 27$b3494 / 2021$fFINAG 952 $a23 15 E 28$b3495 / 2021$fFINAG 952 $a23 15 E 29$b3496 / 2021$fFINAG 959 $aFINBC 959 $aFINAG 996 $aRisanamento delle murature affette da umidità da risalita capillare$91906459 997 $aUNINA LEADER 04344nam 2200757 450 001 9910813978203321 005 20230207232044.0 010 $a0-7425-1768-3 010 $a0-7425-6931-4 035 $a(CKB)2550000001142528 035 $a(EBL)1369041 035 $a(OCoLC)857800608 035 $a(SSID)ssj0001172826 035 $a(PQKBManifestationID)12552980 035 $a(PQKBTitleCode)TC0001172826 035 $a(PQKBWorkID)11193662 035 $a(PQKB)11537313 035 $a(Au-PeEL)EBL1369041 035 $a(CaPaEBR)ebr10916625 035 $a(CaONFJC)MIL514288 035 $a(MiAaPQ)EBC1369041 035 $a(EXLCZ)992550000001142528 100 $a20140903h20022002 uy 0 101 0 $aeng 135 $aur|n|---||||| 181 $ctxt 182 $cc 183 $acr 200 00$aAcross cultural borders $ehistoriography in global perspective /$fedited by Eckhardt Fuchs and Benedikt Stuchtey ; contributors, Arif Dirlik [and twelve others] 210 1$aLanham, Maryland ;$aOxford, England :$cRowman & Littlefield Publisher, Inc.,$d2002. 210 4$d©2002 215 $a1 online resource (367 p.) 300 $aIncludes index. 311 $a1-299-83037-4 311 $a0-7425-1767-5 327 $aTitle Page; Copyright Page; Contents; Acknowledgments; Introduction: Provincializing Europe: Historiography as a Transcultural Concept Eckhardt Fuchs; Part I Historiography and Cultural Identity; 1 The Authenticity of a Copy: Problems of Nineteenth-Century Spanish-American Historiography Jochen Meissner; 2 In Search of Lost Identity: South Africa between Great Trek and Colonial Nationalism, 1830-1910 Benedikt Stuchtey; 3 India's Connection to History: The Discipline and the Relation between Center and Periphery Michael Gottlob 327 $a4 Historiography on a ""Continent without History"": Anglophone West Africa, 1880s-1940s Andreas Eckert5 Alternative National Histories in Japan: Yamaji Aizan and Academic Historiography Stefan Tanaka; Part II Across Cultural Borders; 6 German Historicism and Scientific History in China, 1900-1940 Q. Edward Wang; 7 Transfer and Interaction: France and Francophone African Historiography Matthias Middell; 8 The Historical Discipline in the United States: Following the German Model? Gabriele Lingelbach 327 $a9 The Politics of the Republic of Learning: International Scientific Congresses in Europe, the Pacific Rim, and Latin America Eckhardt FuchsPart III Beyond Eurocentrism: The Politics of History in a Global Age; 10 History without a Center? Reflections on Eurocentrism Arif Dirlik; 11 Africa and the Construction of a Grand Narrative in World History Maghan Keita; 12 ""Modernity"" and ""Asia"" in the Study of Chinese History Wang Hui; 13 Comparing Cultures in Intercultural Communication Jo?rn Ru?sen; Index; About the Contributors 330 $aThis ambitious work offers the first comprehensive transcultural history of historiography. The contributors transcend a Eurocentric approach not only in terms of the individual historiographies they assess but also in the methodologies they use for comparative analysis. Moving beyond the traditional national focus of historiography, the volume offers a genuinely comparative consideration of the commonalities and differences of history writing in Europe, Asia, Latin America, and Africa. Distinguishing among distinct cultural identities, the contributors consider the ways and means of intellect 606 $aHistoriography 606 $aNationalism and historiography 606 $aAcculturation 606 $aCulture conflict 606 $aHistory$xPhilosophy 606 $aSocial sciences$xPhilosophy 606 $aHistoricism 606 $aEurocentrism 615 0$aHistoriography. 615 0$aNationalism and historiography. 615 0$aAcculturation. 615 0$aCulture conflict. 615 0$aHistory$xPhilosophy. 615 0$aSocial sciences$xPhilosophy. 615 0$aHistoricism. 615 0$aEurocentrism. 676 $a907/.2 702 $aFuchs$b Eckhardt$f1961- 702 $aStuchtey$b Benedikt 702 $aDirlik$b Arif 801 0$bMiAaPQ 801 1$bMiAaPQ 801 2$bMiAaPQ 906 $aBOOK 912 $a9910813978203321 996 $aAcross cultural borders$94065122 997 $aUNINA